Statistieken voor Vlaggen met de Union Jack

Klik hier om de quiz te nemen!

Algemene statistieken

  • Deze quiz is 963 keer genomen
  • De gemiddelde score is 5 van 5

Antwoordstatistieken

Antwoord% Correct
Australië
99%
Verenigd Koninkrijk
98%
Nieuw-Zeeland
97%
Fiji
86%
Tuvalu
75%

Scoreverdeling

Percentiel versus Aantal Correcte Antwoorden

Procent van Mensen met Elke Score

Uw Scoregeschiedenis

U heeft deze quiz nog niet genomen